Sexy woman La Mano1.9 - Statistiques

Statistiques générales
  • Ce quiz a été pris 62 fois
  • Le résultat moyen est 115 sur 359
Statistiques - réponses
Réponse % Correct
Sexy
82%
La
80%
80%
L.A
80%
Woman
80%
À
78%
A
78%
A-
78%
Ma
76%
De
71%
Le
63%
C’est
59%
E-
55%
Ke-
55%
Pas
53%
Mon
51%
Rien
51%
Je
47%
Bande
45%
Domaine
45%
Molly
45%
Haineux
43%
Mano
43%
M.A.N.O
43%
Me
43%
Kelly
41%
Des
39%
Ça
37%
I
37%
Ta
37%
Les
35%
On
33%
Com’
31%
Jenny
31%
Keuf
31%
L.A.M.A.N.O
31%
Nous
31%
Taillons
29%
Va
29%
Appelle
27%
Dans
27%
Ellie
27%
Et
27%
Sur
27%
Un
27%
Abby
25%
Cassie
25%
Cul
25%
Descente
25%
Ton
25%
Elle
24%
Medaillon
24%
Pour
24%
Smoke
24%
Telecom
24%
Tra-
24%
Déjà
22%
Drill
22%
Du
22%
En
22%
Keufs
22%
Long
22%
Lourd
22%
Mes
22%
Poids
22%
Shelby
22%
Tirer
22%
Trou
22%
Tter-gra
22%
Avant
20%
Bat
20%
Bouygues
20%
Bras
20%
J’avais
20%
Lau-
20%
Lyca
20%
Mary
20%
Tous
20%
Tu
20%
Ballons
18%
Envoie
18%
Est
18%
Gars
18%
Palace
18%
Paname
18%
Quoi
18%
Washington
18%
Comme
16%
Faut
16%
J’suis
16%
Laury
16%
L’bât’
16%
L’B.A.T’
16%
Neveux
16%
Nouveau
16%
Que
16%
Son
16%
Vie
16%
Batte
14%
Coeur
14%
Dit
14%
D’regarder
14%
Fille
14%
Harbat
14%
L’temps
14%
Navette ?
14%
Oublié
14%
Sais
14%
T’expliquer
14%
Amrabat
12%
Bandes
12%
Baraque
12%
Devant
12%
D’la
12%
Heure
12%
Innové
12%
J’ai
12%
Jours
12%
Leur
12%
Passes
12%
R.A.T
12%
Sauter
12%
T’as
12%
T’attends
12%
Tracey
12%
Ah-Ah
10%
Bas
10%
Chaussure
10%
D’en
10%
Fan
10%
Fessées
10%
Heures
10%
J’envoie
10%
J’finis
10%
J’fouille
10%
J’lui
10%
J’ressors
10%
J’te
10%
L’ai
10%
L’oeil
10%
Mets
10%
M’fait
10%
Neuf
10%
Neuve
10%
Oups
10%
Parce
10%
Pattes
10%
Phone
10%
Règles
10%
Sept
10%
Voit
10%
Aujourd'hui
8%
J’leur
8%
Même
8%
Niveaux
8%
Portes
8%
Qu’la
8%
Sexy woman
8%
Suis
8%
T’rappeler
8%
Vient
8%
Écouté
6%
Envoies
6%
Fait
6%
Plus
6%
Prends
6%
Qu'il
6%
Reines
6%
Rennes
6%
Wet
6%
Arrive
4%
Boiter
4%
Jamais
4%
Jouer
4%
Mis
4%
Peut-être
4%
Rôle
4%
Run
4%
Terr-gra
4%
Effrayé
2%
J’me
2%
Rogne
2%
Aucun quiz correspondant
Distribution des résultats
% des personnes avec chaque résultat
Percentile par nombre de réponses
Votre historique - résultats
Vous n’avez pas pris ce quiz